Non-conventional feed resources and fibrous agricultural residues : strategies for expanded utilization: proceedings of a Consultation held in Hisar, India, 21-29 March 1988. /

Guardado en:
Autor Principal: Devendra, C.
Autores Corporativos: International Development Research Centre (Canada), Indian Council of Agricultural Research.
Formato: Libro
Idioma:English
Publicado: Otawa : International Development Research Centre (IDRC : Indian Council of Agricultural Research, 1988.
Acceso en línea:Texto completo
Etiquetas: Agregar Etiqueta
Sin Etiquetas, Sea el primero en etiquetar este registro!
LEADER 00944nam a22001935a 4500
001 EEA.libagro004249
005 20190318093352.0
008 130809s1988####xxca##########000#0#eng#d
020 |a 9810007698 
082 0 4 |a 636.0855 
100 1 |a Devendra, C. 
245 1 0 |a Non-conventional feed resources and fibrous agricultural residues :  |b strategies for expanded utilization: proceedings of a Consultation held in Hisar, India, 21-29 March 1988. /  |c edited by C Devendra. 
260 |a Otawa :  |b International Development Research Centre (IDRC :  |b Indian Council of Agricultural Research,  |c 1988. 
300 |a 194 p :  |b il. ;  |c 25 cm. 
530 |a Disponible también en línea. 
710 2 |a International Development Research Centre (Canada) 
710 2 |a Indian Council of Agricultural Research. 
856 |u http://idl-bnc.idrc.ca/dspace/bitstream/10625/17116/1/IDL-418%5Fp1-21.pdf  |3 Texto completo 
859 |a AR-BbBCA  |b BIB. AGRONOMIA  |h 636.0855  |i D489  |p 1990/1490